Largest Ethnic Groups in Central Asia - Statistics

General Stats
  • This quiz has been taken 227 times
  • The average score is 9 of 15
Answer Stats
Population Group % Correct
29,000,000 Uzbek
99%
16,500,000 Kazakh
98%
25,000,000 Tajik
97%
4,900,000 Kyrgyz
95%
6,500,000 Turkmen
94%
4,000,000 Russian
91%
13,000,000 Uyghur
76%
12,500,000 Pashtun
55%
3,237,000 Mongolian
48%
500,000 Karakalpak
45%
700,000 Tatar
44%
500,000 Korean
34%
3,500,000 Hazara
31%
10,500,000 Dungan/ Hui
19%
1,500,000 Aimak
2%
No matching quizzes found
Score Distribution
Percent of People with Each Score
Percentile by Number Answered
Your Score History
You have not taken this quiz